00310nam a2200109Ia 4500008004100000082000800041100001200049245002300061942000600084952009500090999001500185240331s9999 xx 000 0 und d bANA aAnanda  0aKaddurai kathambam cL 001040708LaWERCLbWERCLcSSCd2024-03-31l0o 490 ANAp4306r2024-03-31w2024-03-31yL c3656d3656